000 00615nam a22001817a 4500
003 UA-OsUOA
001 14597
007 ta
008 20031011b un ||||| |||| 00| 0 ukr d
100 _aКохан В.
942 _cSA
040 _aUA-OsUOA
_cUA-OsUOA
_dUA-OsUOA
245 _aПрофесіоналізм , помножений на відповідальність: [Про корпорацію "Укрзооветпромпостач"]
300 _aС.2
955 _a0
773 0 _w0
_tВісті Рівненщини
_dРівне
_d2003
_g№76/17 верес./
650 7 _aКорпорації
_2UDC
999 _c300761
_d300761